Estilo de la filosofía de Vives / (Record no. 115872)

MARC details
000 -LEADER
campo de control de longitud fija 00494nam a2200169 4500
001 - NÚMERO DE CONTROL
campo de control 115872
003 - IDENTIFICADOR DE NÚMERO DE CONTROL
campo de control ES-MaACL
005 - FECHA Y HORA DE LA ÚLTIMA TRANSACCIÓN
campo de control 20231228173804.0
007 - CAMPO FIJO DE DESCRIPCIÓN FÍSICA--INFORMACIÓN GENERAL
campo de control de longitud fija t|
008 - DATOS DE LONGITUD FIJA--INFORMACIÓN GENERAL
campo de control de longitud fija 061121s1900 sp r ||||1| spa d
100 1# - ENTRADA PRINCIPAL--NOMBRE DE PERSONA
Nombre de persona Ors, Eugenio d',
Fechas asociadas al nombre 1881-1954
9 (RLIN) 87358
245 10 - MENCIÓN DEL TÍTULO
Título Estilo de la filosofía de Vives /
Mención de responsabilidad, etc. por Eugenio d'Ors.
260 ## - PUBLICACIÓN, DISTRIBUCIÓN, ETC.
Lugar de publicación, distribución, etc. [s.l.] :
Nombre del editor, distribuidor, etc. Ediciones Historia,
Fecha de publicación, distribución, etc. [19__?]
300 ## - DESCRIPCIÓN FÍSICA
Extensión 89 p. ;
Dimensiones 12 cm.
852 ## - LOCALIZACIÓN
Ubicación ES-MaACL
Número de control de estantería 1829-F-10
Sublocalización o colección R.19424
Holdings
Estatus retirado Estado de pérdida Estado de daño No para préstamo Colección Biblioteca de origen Biblioteca actual Ubicación en estantería Fecha de adquisición Fuente de adquisición Total de préstamos Signatura topográfica completa Código de barras Visto por última vez Precio de reemplazo Tipo de ítem Koha
        Colección de folletos Biblioteca del Ateneo de Madrid Biblioteca del Ateneo de Madrid Depósito folletos 17/01/2008     1829-F-10 1120835 23/02/2023 23/02/2023 Folleto